000 00421 a2200169 4500
001 132079
003 OSt
005 20211008170421.0
008
082 _a325.3
_bW67U
100 1 _aWilliams, James
245 1 _aUnderstanding postcolonialism
_cby James Williams
260 _aJaipur
_bRawat Publication
_c2012
300 _a180p.
690 _aPostcolonialism
942 _2ddc
_cBK
999 _c6464
_d6464